Top 20 NBA-Best Pg-(ALL TIME) - Statistics

General Stats
  • This quiz has been taken 43 times
  • The average score is 13 of 20
Answer Stats
Top Answer % Correct
1 Magic Johnson
96%
12 Jerry West
89%
2 Stephen Curry
89%
4 Chris Paul
85%
9 Steve Nash
85%
7 Jason Kidd
81%
6 Russell Westbrook
78%
10 Bob Cousy
74%
3 John Stockton
74%
8 Isiah Thomas
70%
16 Allen Iverson
67%
11 Gary Payton
59%
15 Kyrie Irving
59%
5 Oscar Robertson
52%
20 Rajon Rondo
48%
13 Damian Lillard
44%
19 Derrick Rose
41%
14 Tony Parker
37%
17 Shai Gilgeous-Alexander
26%
18 Tim Hardaway
22%
No matching quizzes found
Score Distribution
Percent of People with Each Score
Percentile by Number Answered
Your Score History
You have not taken this quiz